| 000 | 01024nam a22002655a 4500 | ||
|---|---|---|---|
| 003 | OSt | ||
| 005 | 20180131112609.0 | ||
| 008 | 180131s2013 ua frb 000 0 ara d | ||
| 040 |
_aEG-ScBUE _bara _cEG-ScBUE |
||
| 043 | _af-ua--- | ||
| 082 | 0 | 4 |
_a347.62077 _bع ب د _222 |
| 100 | 1 | _aعبد اللطيف، أيمن السيد. | |
| 245 | 1 | 0 |
_aتسبيب الأحكام المدنية / _cأيمن السيد عبد اللطيف، حسين فتحي عطية. |
| 250 | _aط. 2. | ||
| 260 |
_aالقاهرة : _bنادي القضاة، _c2013. |
||
| 300 |
_aمج. 1 (437 ص.) ؛ _c24 سم. |
||
| 504 | _aيشتمل على إرجاعات ببليوجرافية. | ||
| 541 |
_aدكتور أحمد حمد ؛ _cإهداء ؛ |
||
| 650 | 7 |
_aالأحكام (قانون مرافعات) _zمصر. _2BUEsh _941069 |
|
| 650 | 7 |
_aقانون الإجراءات المدنية والتجارية _zمصر. _2BUEsh |
|
| 651 | _2BUEsh | ||
| 653 |
_bLLAAWW _cJanuary2018 |
||
| 700 | 1 | _aعطية، حسين فتحي. | |
| 942 | _2ddc | ||
| 999 |
_c26058 _d26030 |
||